| Поле | Инд. | ПП | Название | Значение |
|---|---|---|---|---|
| Тип записи | a | |||
| Библиографический уровень | m | |||
| 001 | Контрольный номер | c202a8ad-d52a-4cbc-8f46-b2d28d913e01 | ||
| 005 | Дата корректировки | 20131112032847.1 | ||
| 008 | Кодируемые данные | 010710s1983 rur a 000u 0rus d | ||
| 020 | a | ISBN | В пер. | |
| c | Цена, тираж | 1.80 | ||
| 040 | a | Служба первич. каталог. | RU-RKP | |
| a | Служба первич. каталог. | НБ ТвГУ | ||
| 041 | a | Код языка текста | rus | |
| 080 | a | Индекс УДК | 82.09 | |
| 084 | a | Индекс другой классификации/Индекс ББК | 83.3(0) | |
| 090 | x | Авторский знак | А65 | |
| a | Полочн. индекс | 8 | ||
| 100 | 1_ | a | Автор | Андреев Юрий Андреевич |
| d | Дата | р. 1930 | ||
| 245 | 10 | a | Заглавие | Волшебное зрение |
| b | Продолж. заглавия | Специфика лит. в соврем. преломлениях | ||
| c | Ответственность | Юрий Андреев | ||
| 260 | 0_ | a | Место издания | Л. |
| b | Издательство | Советский писатель | ||
| c | Дата издания | 1983 | ||
| 300 | a | Объем | 407 с. | |
| c | Размеры | 21 см | ||
| 650 | a | Основная рубрика | Литература | |
| 653 | a | Ключевые слова | Мировая литература | |
| 852 | t | Порядковый номер экземпляра | 4 | |
| p | Инвентарный номер | 528872 | ||
| p | Инвентарный номер | 528875 | ||
| p | Инвентарный номер | 528874 | ||
| p | Инвентарный номер | 528873 | ||
| 999 | a | Подразделение 2 | аб. |